[Event "Cairo Heliopolis op 1st"]
[Site "Cairo"]
[Date "2009.09.10"]
[Round "7"]
[White "Fahmy, Osama"]
[Black "Labib, Hazem"]
[Result "1-0"]
[WhiteElo "2233"]
[BlackElo "1929"]
[PlyCount "89"]
[EventDate "2009.09.03"]
[EventType "swiss"]
[EventRounds "7"]
[EventCountry "EGY"]
[SourceTitle "CBM 132 Extra"]
[Source "ChessBase"]
[SourceDate "2009.11.03"]
[SourceVersion "1"]
[SourceVersionDate "2009.11.03"]
[SourceQuality "1"]

1. Nf3 Nf6 2. g3 e6 3. Bg2 d5 4. d4 Bd6 5. a3 Nbd7 6. Nbd2 b6 7. 0-0 Bb7 8. b3 c5 9. e3 0-0 10. Bb2 Qc7 11. c4 Rac8 12. Rc1 Qb8 13. Re1 cxd4 14. exd4 dxc4 15. Nxc4 Rfd8 16. Nxd6 Qxd6 17. Qe2 Bd5 18. b4 Qb8 19. Ng5 Rxc1 20. Bxc1 Qb7 21. f3 Rc8 22. Ne4 Qc6 23. Bf4 Qc2 24. Nxf6+ Nxf6 25. Rc1 Qxc1+ 26. Bxc1 Rxc1+ 27. Kf2 Bc4 28. Qe5 Rc2+ 29. Ke1 Re2+ 30. Qxe2 Bxe2 31. Kxe2 Kf8 32. Kd3 Ke7 33. Kc4 Nd5 34. Kb5 Ne3 35. Bh1 Nc2 36. a4 Kd6 37. f4 Nxd4+ 38. Ka6 Kc7 39. Kxa7 Nc6+ 40. Bxc6 Kxc6 41. Ka6 f6 42. b5+ Kc7 43. Ka7 e5 44. fxe5 fxe5 45. a5 1-0

[Event "Cairo Heliopolis op 1st"]
[Site "Cairo"]
[Date "2009.09.04"]
[Round "2"]
[White "Rahman, Yehya"]
[Black "Labib, Hazem"]
[Result "1-0"]
[WhiteElo "2298"]
[BlackElo "1929"]
[PlyCount "41"]
[EventDate "2009.09.03"]
[EventType "swiss"]
[EventRounds "7"]
[EventCountry "EGY"]
[SourceTitle "CBM 132 Extra"]
[Source "ChessBase"]
[SourceDate "2009.11.03"]
[SourceVersion "1"]
[SourceVersionDate "2009.11.03"]
[SourceQuality "1"]

1. d4 Nf6 2. Nf3 e6 3. e3 b6 4. Nbd2 Bb7 5. Bd3 d5 6. b3 Bd6 7. Bb2 0-0 8. 0-0 Nbd7 9. c4 Qe7 10. Ne5 Rfd8 11. f4 Ne4 12. cxd5 exd5 13. Qe2 Bb4 14. Nxe4 dxe4 15. Bc4 Rf8 16. a3 Bd6 17. b4 a6 18. Rfd1 Bxe5 19. fxe5 Rfd8 20. Qg4 b5 21. Bb3 1-0

[Event "Egypt op"]
[Site "Egypt"]
[Date "2009.07.22"]
[Round "3"]
[White "Abdel Moniem, Mohamed"]
[Black "Labib, Hazem"]
[Result "0-1"]
[WhiteElo "2131"]
[BlackElo "1861"]
[PlyCount "26"]
[EventDate "2009.07.20"]
[EventType "swiss"]
[EventRounds "9"]
[EventCountry "EGY"]
[SourceTitle "EXT 2011"]
[Source "ChessBase"]
[SourceDate "2010.11.26"]
[SourceVersion "1"]
[SourceVersionDate "2010.11.26"]
[SourceQuality "1"]

1. e4 c5 2. Nf3 Nc6 3. d4 cxd4 4. Nxd4 Nf6 5. Nc3 e6 6. Be2 Bb4 7. f3 Qa5 8. Nb3 Bxc3+ 9. bxc3 Qxc3+ 10. Kf1 d5 11. Rb1 dxe4 12. Ba3 Nd5 13. Qc1 Qxc2 0-1